• 首页
  • 本馆介绍
  • 公告通知
  • 最新文献
  • 馆藏检索
  • 电子资源
  • 读者导购
  • 参考咨询
  • 我的图书馆
  • 登录
  • 详细信息显示
  • 放入我的书架
  • 预约/预借图书
  • 作者相关作品
  • 分类相关作品
  • 丛书相关作品
  • 出版社相关作品

书目信息

  • 表格格式
  • 工作单格式
  • 卡片格式
题名:
练兵场见闻
    
 
作者: ;中国人民解放军五二八五四部队 , 天津市七十五中学 编
分册:  
出版信息: 天津   天津人民出版社  1978
页数: 103页
开本: 19cm
丛书名:
单 册:
中图分类: E271.1
科图分类:
主题词: 武器-步兵--普及读物 , 武装力量--中国 , 军种--中国 , 兵种--中国 , 步兵-武器--普及读物
电子资源:
ISBN:
000 00964nam0 2200277 45
001 0179003782
005 20060801154815.73
010    @dCNY0.22
091    @a5072.2
100    @a19960117d1979 em y0chiy0121 ea
101 0  @achi
102    @aCN@b120000
105    @ay z 000yy
200 10 @a练兵场见闻@Alian bing chang jian wen@e步兵武器与数理化@f中国人民解放军五二八五四部队,天津市七十五中学编@Fzhong guo ren min jie fang jun wu er ba wu si bu dui,tian jin shi qi shi wu zhong xue bian
210    @a天津@c天津人民出版社@d1978
215    @a103页@d19cm
606    @a武器-步兵@x普及读物
606 0  @a武装力量@x中国
606 0  @a军种@x中国
606 0  @a兵种@x中国
606    @a步兵-武器@x普及读物
690    @aE271.1@v4
711  0 @a中国人民解放军五二八五四部队@Azhong guo ren min jie fang jun wu er ba wu si bu dui@4编
711 02 @a天津市七十五中学@Atian jin shi qi shi wu zhong xue@4编
801  0 @aCN@bTSSF@c20060801
905    @a10447@dE271.1@e1
    
    练兵场见闻:步兵武器与数理化/中国人民解放军五二八五四部队,天津市七十五中学编.-天津:天津人民出版社,1978
    103页;19cm
    
    
    ISBN :CNY0.22
    
●
相关链接 在E读中查询图书 在五车中查询图书 在当当中查询图书 在豆瓣中查询图书


正题名:练兵场见闻     索取号:E271.1/1         预约/预借

序号 登录号 条形码 馆藏地/架位号 状态 备注
1 0003055   202167378   密集书库/ [索取号:E271.1/1] 在馆    
2 0441290   204412901   密集书库/ [索取号:E271.1/1] 在馆    
唐山师范学院图书馆 欢迎您!
大连网信软件有限公司© 版权所有